000 00596nam a2200181 a 4500
001 000041300
005 20201002034752.0
008 130930s2006 sp c 001 0 spa d
020 _a846702142x
040 _aDO-SdBNP
_bspa
_cBNPHU
082 _axxxx
_bxxx
100 1 _aFernández Álvarez, Manuel
_967918
245 1 3 _aLa gran aventura de Cristobal Colón. /
_cManuel Fernández Álvarez.
260 _aMadrid :
_bEspasa -Calpe,
_c2006.
300 _a351 p. :
_bretr. ;
_c22 cm.
500 _aIncluye datos biografícos del autor en la solapa de la portada
504 _aBibliografía p: 341-344
999 _c40790
_d40790